[Event "Rychnov Seniors op"]
[Site "Rychnov nad Kneznou"]
[Date "2012.08.24"]
[Round "5"]
[White "Stec, Frantisek"]
[Black "Pavlu, Jiri"]
[Result "1/2-1/2"]
[WhiteElo "2033"]
[BlackElo "1880"]
[PlyCount "38"]
[EventDate "2012.08.20"]
[EventType "swiss"]
[EventRounds "9"]
[EventCountry "CZE"]
[SourceTitle "CBM 150 Extra"]
[Source "ChessBase"]
[SourceDate "2012.10.19"]
[SourceVersion "1"]
[SourceVersionDate "2012.10.19"]
[SourceQuality "1"]

1. Nf3 d5 2. d4 Nf6 3. e3 Bg4 4. Nbd2 e6 5. h3 Bh5 6. Bd3 c5 7. c3 Nc6 8. 0-0 Be7 9. Re1 0-0 10. Qe2 cxd4 11. exd4 Qc7 12. Qe3 Bd6 13. Ne5 Bg6 14. f4 Bxd3 15. Qxd3 Ne7 16. Ndf3 Ne4 17. Ng5 Nxg5 18. fxg5 Bxe5 19. Rxe5 Ng6 1/2-1/2

[Event "Rychnov Seniors op"]
[Site "Rychnov nad Kneznou"]
[Date "2012.08.23"]
[Round "4"]
[White "Pavlu, Jiri"]
[Black "Laskiewicz, Jerzy"]
[Result "1/2-1/2"]
[WhiteElo "1880"]
[BlackElo "1974"]
[PlyCount "25"]
[EventDate "2012.08.20"]
[EventType "swiss"]
[EventRounds "9"]
[EventCountry "CZE"]
[SourceTitle "CBM 150 Extra"]
[Source "ChessBase"]
[SourceDate "2012.10.19"]
[SourceVersion "1"]
[SourceVersionDate "2012.10.19"]
[SourceQuality "1"]

1. d4 f5 2. g3 Nf6 3. Bg2 g6 4. Nf3 Bg7 5. c3 0-0 6. 0-0 c6 7. Nbd2 d5 8. Ne5 Nbd7 9. Ndf3 Nxe5 10. Nxe5 Nd7 11. f4 Nxe5 12. fxe5 e6 13. Be3 1/2-1/2

[Event "Rychnov Seniors op"]
[Site "Rychnov nad Kneznou"]
[Date "2012.08.22"]
[Round "3"]
[White "Kuril, Rudolf"]
[Black "Pavlu, Jiri"]
[Result "0-1"]
[WhiteElo "1495"]
[BlackElo "1880"]
[PlyCount "40"]
[EventDate "2012.08.20"]
[EventType "swiss"]
[EventRounds "9"]
[EventCountry "CZE"]
[SourceTitle "CBM 150 Extra"]
[Source "ChessBase"]
[SourceDate "2012.10.19"]
[SourceVersion "1"]
[SourceVersionDate "2012.10.19"]
[SourceQuality "1"]

1. d4 d5 2. c4 c6 3. Nc3 Nf6 4. e3 Bg4 5. Nf3 e6 6. Bd2 Bd6 7. c5 Bc7 8. Be2 Nbd7 9. h3 Bh5 10. a4 0-0 11. g4 Bg6 12. Nh4 Be4 13. f3 Bg3+ 14. Kf1 Bxh4 15. fxe4 dxe4 16. Qc2 Nd5 17. Nxe4 f5 18. Nf2 fxg4 19. Bxg4 Rxf2+ 20. Kg1 Nxe3 0-1

[Event "Rychnov Seniors op"]
[Site "Rychnov nad Kneznou"]
[Date "2012.08.21"]
[Round "2"]
[White "Pavlu, Jiri"]
[Black "Tejkal, Jiri"]
[Result "0-1"]
[WhiteElo "1880"]
[BlackElo "1929"]
[PlyCount "77"]
[EventDate "2012.08.20"]
[EventType "swiss"]
[EventRounds "9"]
[EventCountry "CZE"]
[SourceTitle "CBM 150 Extra"]
[Source "ChessBase"]
[SourceDate "2012.10.19"]
[SourceVersion "1"]
[SourceVersionDate "2012.10.19"]
[SourceQuality "1"]

1. d4 Nf6 2. c4 g6 3. Nc3 Bg7 4. Nf3 0-0 5. e4 d6 6. Be2 Nbd7 7. 0-0 e5 8. d5 Nc5 9. Qc2 a5 10. Be3 Ne8 11. Bg5 f6 12. Be3 f5 13. Bxc5 dxc5 14. Bd3 Nd6 15. Rfe1 f4 16. Nb5 g5 17. Nxd6 cxd6 18. Nd2 g4 19. Nf1 h5 20. f3 Rf6 21. Be2 Rg6 22. Bd1 Kh8 23. Qf2 Bd7 24. fxg4 hxg4 25. g3 Qg5 26. Qd2 Bh6 27. Re2 Qe7 28. Qc3 Bg7 29. Rf2 b6 30. Qd2 Rg8 31. Rc1 Bh6 32. gxf4 Bxf4 33. Rxf4 exf4 34. Qxf4 Rf8 35. Qe3 Qe5 36. Rc2 Rgf6 37. Ng3 b5 38. cxb5 Bxb5 39. Bxg4 0-1